The heart has its reasons : young adult literature with gay/lesbian/queer content, 1969-2004 /

Guardat en:
Dades bibliogràfiques
Autor principal: Cart, Michael
Altres autors: Jenkins, Christine A.
Format: Llibre
Idioma:anglès
Publicat: Lanham, Md. ; Oxford : Scarecrow Press, c2006
Col·lecció:Scarecrow studies in young adult literature ; 18
Etiquetes: Afegir etiqueta
Sense etiquetes, Sigues el primer a etiquetar aquest registre!

MARC

LEADER 00000nam a22000007i 4500
001 IT\ICCU\PUV\1132219
003 ItRI
005 20260115232006.0
008 081127s2006 xxu|||||| ||||| |||||c
020 |a 9780810850712 
040 |b ita  |c importazione bologna sebina 
041 7 |a eng  |2 ISO-639-2 
100 1 |a Cart, Michael  |0 IT\ICCU\LO1V\305425 
240 1 4 |a The heart has its reasons  |3 IT\ICCU\UBO\1115721  |9 Windsor, Wallis <duchess of> 
245 1 4 |a The heart has its reasons :  |b young adult literature with gay/lesbian/queer content, 1969-2004 /  |c Michael Cart, Christine A. Jenkins. 
260 |a Lanham, Md. ;  |a Oxford :  |b Scarecrow Press,  |c c2006 
300 |a XXII, 207 p. ;  |c 22 cm. 
700 1 |a Jenkins, Christine A.  |0 IT\ICCU\PUVV\391311 
830 0 |a Scarecrow studies in young adult literature ;  |v 18  |0 IT\ICCU\PUV\1132220 
942 |2 ddc  |c BK  |n 0 
952 |0 0  |1 0  |4 0  |6 R_813_009000000000000_CAR  |7 0  |9 18572  |a BO  |b BO  |d 2026-01-15  |i 20100  |l 0  |o R 813.009 CAR  |p BO20100  |r 2026-01-15 23:20:06  |w 2026-01-15  |x [Sebina 5] [1 v.]  |y BK  |z 1 v. 
999 |c 15736  |d 15736